| 000 -LEADER |
| fixed length control field |
00793nam a22002057a 4500 |
| 003 - CONTROL NUMBER IDENTIFIER |
| control field |
OSt |
| 005 - DATE AND TIME OF LATEST TRANSACTION |
| control field |
20190422092227.0 |
| 008 - FIXED-LENGTH DATA ELEMENTS--GENERAL INFORMATION |
| fixed length control field |
180313b xxu||||| |||| 00| 0 spa d |
| 020 ## - INTERNATIONAL STANDARD BOOK NUMBER |
| International Standard Book Number |
8425906865 |
| 040 ## - CATALOGING SOURCE |
| Transcribing agency |
PJ |
| 100 ## - ASIENTO PRINCIPAL - NOMBRE DE PERSONA |
| 9 (RLIN) |
161 |
| Personal name |
Ruiz Miguel, Alfonso |
| 245 10 - MENCIÓN DE TÍTULO |
| Título propiamente dicho |
Filosofía y derecho en Norberto Bobbio / |
| Mención de responsabilidad, etc |
Alfonzo Ruiz Miguel. |
| 260 ## - PUBLICATION, DISTRIBUTION, ETC. (IMPRINT) |
| Place of publication, distribution, etc |
Madrid : |
| Name of publisher, distributor, etc |
Centro de Estudios Constitucionales, |
| Date of publication, distribution, etc |
1983. |
| 300 ## - DESCRIPCION FISICA |
| Extent |
509 p. |
| Dimensions |
21 cm. |
| 490 ## - MENCION DE SERIE |
| Mención de Serie |
El derecho y la Justicia |
| Designación numérica/secuencial del volumen |
1 |
| 504 ## - NOTA DE BIBLIOGRAFÍA, ETC. |
| Bibliography, etc |
Bibliografía: p. 431-499. |
| 505 ## - FORMATTED CONTENTS NOTE |
| Formatted contents note |
Contenido:<br/>Las nubes de la filosofía y la meseta de la ciencia -- La metodología del conocimiento jurídico -- La teoría general del derecho -- La teoría de la justicia . |
| 650 ## - ASIENTO SECUNDARIO DE MATERIA - TERMINO TEMATICO |
| Topical term or geographic name as entry element |
FILOSOFIA DEL DERECHO |
| 9 (RLIN) |
177 |
| 942 ## - ADDED ENTRY ELEMENTS (KOHA) |
| Source of classification or shelving scheme |
|
| Koha item type |
Libros |
| Classification part |
340.12 |
| Item part |
RUI |